000 00284nam a2200121Ia 4500
005 20251222144847.0
008 251222s9999||||xx |||||||||||||| ||spa||
020 _a2-90586012-X
082 _a759.449.12/S89
245 0 _aSuite Baroque:
264 _bVille de Marseille
942 _cLIB
999 _c21468
_d21468